| 000 | 00710nam a22002537a 4500 | ||
|---|---|---|---|
| 008 | 130720b xxu||||| |||| 00| 0 eng d | ||
| 020 | _a81-7808-231-4 | ||
| 024 | _cAvailable | ||
| 037 | _cAvailable | ||
| 040 |
_aMBSTU LIBRARY _dMBSTU LIBRARY |
||
| 082 |
_222 _a005.7565 DAI |
||
| 100 | _aDafe, C.J. | ||
| 245 | _aAn Introduction to database systems. | ||
| 250 | _a7th | ||
| 260 |
_aDelhi _bPearson Education _c2005 |
||
| 300 |
_a24 cm. _b960 page _f5 _g24 cm. |
||
| 600 | _2Database management systems. | ||
| 650 | _2Database management systems. | ||
| 700 | _aDafe, C.J. | ||
| 270 |
_aDelhi _bDelhi _dIndia |
||
| 365 |
_b595.00 _d595.00 |
||
| 942 |
_2ddc _cBK |
||
| 999 |
_c576 _d576 |
||